| 000 | 00850nam a22002895i 4500 | ||
|---|---|---|---|
| 001 | 18942973 | ||
| 003 | OSt | ||
| 005 | 20240220151728.0 | ||
| 008 | 160120s2016 nyu 000 0 eng | ||
| 010 | _a 2016931260 | ||
| 020 | _a9780500343258 | ||
| 040 |
_aDLC _beng _erda _cDLC |
||
| 042 | _apcc | ||
| 082 |
_a720.92 _bDAV |
||
| 245 | 0 | 0 |
_aDavid Adjaye : _bliving spaces. _cEdited By Peter Allison |
| 260 |
_bThames & Hudson; _c2017. |
||
| 263 | _a1609 | ||
| 300 | _a301p.: | ||
| 650 | 0 |
_aArchitecture, Domestic _910043 |
|
| 650 | 0 |
_aAdjaye, David _9120864 |
|
| 650 | 0 |
_aArchitecture _xEnvironmental aspects _931762 |
|
| 700 | 1 |
_aAllison, Peter _933811 |
|
| 906 |
_a0 _bibc _corignew _d2 _eepcn _f20 _gy-gencatlg |
||
| 942 |
_2ddc _cBK _aSADA _k720.92 DAV 2017 |
||
| 999 |
_c607910 _d607910 |
||